[Event "Box Hill CC-ch"]
[Site "Box Hill"]
[Date "2000.06.02"]
[Round "5.30"]
[White "O'Connor, Phillip"]
[Black "Whittick, Andrew"]
[Result "1-0"]
[WhiteElo "1427"]
[BlackElo "1417"]
[PlyCount "43"]
[EventDate "2000.??.??"]
[EventType "swiss"]
[EventRounds "9"]
[EventCountry "AUS"]
[SourceTitle "EXT 2003"]
[Source "ChessBase"]
[SourceDate "2002.11.25"]
[SourceVersion "1"]
[SourceVersionDate "2002.11.25"]
[SourceQuality "1"]

1. d4 Nf6 2. Nf3 g6 3. c4 Bg7 4. Nc3 0-0 5. e4 d6 6. Be3 e5 7. dxe5 dxe5 8. Qxd8 Rxd8 9. Nd5 Nxd5 10. cxd5 f5 11. exf5 e4 12. Nd4 gxf5 13. Rc1 f4 14. Bxf4 Bxd4 15. Rxc7 Na6 16. Re7 Bxb2 17. Bc4 Bc3+ 18. Ke2 Kf8 19. d6 Bg7 20. Rf7+ Ke8 21. Rxg7 Bf5 22. Re7+ 1-0

[Event "Box Hill CC-ch"]
[Site "Box Hill"]
[Date "2000.05.05"]
[Round "1.22"]
[White "Whittick, Andrew"]
[Black "Weerasinghe, Malith"]
[Result "1/2-1/2"]
[WhiteElo "1417"]
[BlackElo "1422"]
[PlyCount "95"]
[EventDate "2000.??.??"]
[EventType "swiss"]
[EventRounds "9"]
[EventCountry "AUS"]
[SourceTitle "EXT 2003"]
[Source "ChessBase"]
[SourceDate "2002.11.25"]
[SourceVersion "1"]
[SourceVersionDate "2002.11.25"]
[SourceQuality "1"]

1. e4 e5 2. Nc3 Nc6 3. Bc4 Nf6 4. d3 Bb4 5. a3 Ba5 6. Bg5 h6 7. Bh4 g5 8. Bg3 d6 9. Nge2 Bb6 10. Nd5 Nxd5 11. Bxd5 Bd7 12. Nc3 a6 13. Qh5 Qf6 14. Bb3 Ba5 15. 0-0 Bxc3 16. bxc3 Be6 17. Ba4 b5 18. Bb3 Qe7 19. Qd1 h5 20. Bxe6 Qxe6 21. h4 gxh4 22. Bxh4 Kd7 23. f4 exf4 24. Rxf4 Rag8 25. Rf6 Qh3 26. Qf3 Qxh4 27. Rxf7+ Kd8 28. e5 Ke8 29. Rxc7 Nxe5 30. Qa8+ Qd8 31. Rc8 Ke7 32. Rxd8 Rxd8 33. Qxa6 h4 34. Re1 Kd7 35. Qxb5+ Kc7 36. d4 Ng6 37. d5 Ne5 38. c4 Rhg8 39. Rf1 h3 40. Rf2 Rg7 41. c5 dxc5 42. Qxc5+ Kb8 43. d6 Ng4 44. Qb6+ Kc8 45. Rf3 Rb7 46. Qc6+ Kb8 47. gxh3 Ne5 48. Qc3 1/2-1/2